000 00406cam a2200193 4500
001 D14441
008 090401t1952 xxu||||| |||| 00| 0 eng d
035 _a(Sirsi) u15752
041 _aeng
100 _aWhitelaw, John
245 _aSurveying
250 _a9th
260 _bTechnical Press
_c1952
300 _a566p
350 _a1.25
520 _aShelf 137
942 _n0
948 _c04/03/1997
999 _c87305
_d87305